Atlas de Anatomía Humana / (Registro nro. 1241)

Detalles MARC
000 -LEADER
fixed length control field 00927nam a2200277 a 4500
005 - FECHA ULTIMA MODIFICACION
control field 20240516124726.0
008 - CAMPO DE CONTROL (LIBRO)
fixed length control field 100322s2011||||sp a f |||| 001 0 spa d
020 ## - INTERNATIONAL STANDARD BOOK NUMBER
ISBN 9788445820650
041 ## - CODIGO DE IDIOMA
Código de idioma del texto/pista de sonido o título separado spa
092 ## - SIGNATURA TOPOGRAFICA DEWEY LOCAL
número de clasificación 611.022
sección 55
libristica NET
100 1# - ENTRADA PRINCIPAL--NOMBRE PERSONAL
Nombre personal Netter, Frank H.
9 (RLIN) 147
245 ## - TITULO PROPIAMENTE DICHO
Título Atlas de Anatomía Humana /
Mención de responsabilidad y remanente de la transcripción de la portada Frank H. Netter.
250 ## - MENCION DE EDICION
Mención de edición 5a ed. versión en español de la obra original en inglés
Mención de responsabilidad relacionada con la ed. Traducción y revisión científica Victor Götzens García
260 ## - PIE DE IMPRENTA
Lugar de publicación, distribución, etc Barcelona:
Nombre de la editorial, distribuidor, etc Elsevier ; Masson;
Fecha de publicación 2011.
300 ## - DESCRIPCION FISICA
Extension 532 p.
Otros detalles físicos il.
500 ## - NOTA GENERAL
Nota general Netter, F. H. (2011). Atlas de anatomía humana. (5a ed.). Barcelona : Elsevier ; Masson.
653 ## - TÉRMINO INDIZADO - PALABRAS CLAVES
Palabra clave Cabeza y cuello
653 ## - TÉRMINO INDIZADO - PALABRAS CLAVES
Palabra clave Dorso y médula espinal
653 ## - TÉRMINO INDIZADO - PALABRAS CLAVES
Palabra clave Tórax
653 ## - TÉRMINO INDIZADO - PALABRAS CLAVES
Palabra clave Abdomen
653 ## - TÉRMINO INDIZADO - PALABRAS CLAVES
Palabra clave Pelvis y periné
653 ## - TÉRMINO INDIZADO - PALABRAS CLAVES
Palabra clave Miembro superior
653 ## - TÉRMINO INDIZADO - PALABRAS CLAVES
Palabra clave Miembro inferior
653 ## - TÉRMINO INDIZADO - PALABRAS CLAVES
Palabra clave Anatomía seccional
942 ## - ADDED ENTRY ELEMENTS (KOHA)
Source of classification or shelving scheme Dewey Decimal Classification
Item type Libros
Koha issues (borrowed), all copies 4
Existencias
Estado de retiro Existencia Fuente de clasificación Estado general No para prestamo Ubicación permanente ubicación actual Sala de ubicación Fecha de adquisición Costo, precio normal de compra Total Checkouts Total Renewals Número de clasificación Código de barras Date last seen Date last borrowed Número de ejemplar Price effective from Koha tipo de elemento (item) Public note
    Dewey Decimal Classification     Biblioteca Medicina Biblioteca Medicina Circulación 12/03/2013 940.00 329 23 611.022 55 NET 2793 24/04/2026 16/04/2026 ej.16 12/03/2013 Libros COMPRA PROYECTO PROMED 2DA ETAPA, MARZO 2013
    Dewey Decimal Classification     Biblioteca Medicina Biblioteca Medicina Circulación 12/03/2013 940.00 290 15 611.022 55 NET 2794 20/04/2026 13/04/2026 ej.17 12/03/2013 Libros COMPRA PROYECTO PROMED 2DA ETAPA, MARZO 2013
    Dewey Decimal Classification     Biblioteca Medicina Biblioteca Medicina Circulación 12/03/2013 940.00 310 20 611.022 55 NET 2795 29/04/2025 22/04/2025 ej.18 12/03/2013 Libros COMPRA PROYECTO PROMED 2DA ETAPA, MARZO 2013
    Dewey Decimal Classification     Biblioteca Medicina Biblioteca Medicina Circulación 12/03/2013 940.00 317 23 611.022 55 NET 2796 01/04/2026 25/03/2026 ej.19 12/03/2013 Libros COMPRA PROYECTO PROMED 2DA ETAPA, MARZO 2013
    Dewey Decimal Classification     Biblioteca Medicina Biblioteca Medicina Circulación 12/03/2013 940.00 320 27 611.022 55 NET 2797 20/05/2026 13/05/2026 ej.20 12/03/2013 Libros COMPRA PROYECTO PROMED 2DA ETAPA, MARZO 2013

UNIVERSIDAD NACIONAL DEL COMAHUE
Biblioteca de la Facultad de Ciencias Médicas
Sede Toschi: Los Arrayanes y Av. Toschi, Cipolletti  - Rio Negro
Sede Los Tordos:  Yrigoyen al 2211, Cipolletti - Rio Negro 

Teléfono: 0299 - 4774707 int 25
Contacto: biblioteca@facimed.uncoma.edu.ar
© 2011 - 2026